ბათუმის შოთა რუსთაველის სახელმწიფო უნივერსიტეტის ბიბლიოთეკა

შრომით დავებთან დაკავშირებული სასამართლო პრაქტიკა / (ბიბ.ჩანაწერი № 56994)

000 -ლიდერი
ფიქსირებული სიგრძის საკონტროლო ველი 01664nam a22002657a 4500
003 - საკონტროლო ნომრის იდენტიფიკატორი
საკონტროლო ველი Ge_BSU
005 - ბოლო ოპერაციის თარიღი და დრო
საკონტროლო ველი 20190925115001.0
008 - ფიქსირებული სიგრძის მონაცემთა ელემენტები - ზოგადი ინფორმაცია
ფიქსირებული სიგრძის საკონტროლო ველი 190925s2019 ge ||||| |||| 00| 0 geo d
020 ## - წიგნის საერთაშორისო სტანდარტული ნომერი
International Standard Book Number 9789941964107
041 ## - ენის კოდი
Language code of text/sound track or separate title geo
080 ## - უნივერსალური ათობითი კლასიფიკაციის ინდექსი
Universal Decimal Classification number 349.2(479.22) + 331.109(479.22) ლ-65
245 ## - ცნობა სათაურის შესახებ
Title შრომით დავებთან დაკავშირებული სასამართლო პრაქტიკა /
Statement of responsibility, etc მაია ლიპარტელიანი, ილია ჭანტურაია, ქეთი კრაწაშვილი, რაისა ლიპარტელიანი ; რედ : პაატა ბელთაძე, რაისა ლიპარტელიანი.
264 ## - წარმოების, გამოცემის, დისტრიბუციის და სხვა ცნობები
გამოცემის, წარმოების, დისტრიბუციის... ადგილი თბილისი :
გამოცემის, წარმოების, დისტრიბუციის... სახელწოდება სამშობლო,
გამოცემის, წარმოების, დისტრიბუციის... თარიღი 2019.
300 ## - ფიზიკური აღწერა
Extent 432 გვ. :
Dimensions 23 სმ.
653 ## - INDEX TERM--UNCONTROLLED
Uncontrolled term საქართველოს შრომის სამართალი. შრომითი დავები საქართველოში.
653 ## - INDEX TERM--UNCONTROLLED
Uncontrolled term სამართალი
653 ## - INDEX TERM--UNCONTROLLED
Uncontrolled term შრომა დასაქმება შრომის ეკონომიკა
700 ## - ADDED ENTRY--PERSONAL NAME
Personal name ლიპარტელიანი, მაია
9 (RLIN) 4302
700 ## - ADDED ENTRY--PERSONAL NAME
Relator code ჭანტურაია,ილია
700 ## - ADDED ENTRY--PERSONAL NAME
Personal name კრაწაშვილი , ქეთი
9 (RLIN) 4303
700 ## - ADDED ENTRY--PERSONAL NAME
Personal name ლიპარტელიანი , რაისა
9 (RLIN) 529
700 ## - ADDED ENTRY--PERSONAL NAME
Personal name ბელთაძე , პაატა
Relator term რედაქტორი
9 (RLIN) 528
700 ## - ADDED ENTRY--PERSONAL NAME
Personal name ლიპარტელიანი., რაისა
Relator term რედაქტორი
9 (RLIN) 529
942 ## - ADDED ENTRY ELEMENTS (KOHA)
Source of classification or shelving scheme
Koha item type წიგნი
ეგზემპლარები
ჩამოწერის სტატუსი დაკარგული ეგზემპლარის სტატუსი კლასიფიკაციის წყარო ან თაროზე გაწყობის სქემა დაზიანების სტატუსი არ გაიცემა მუდმივი მდებარეობა (დაცვის ადგილი) ამჟამინდელი ადგილსამყოფელი თაროზე განთავსების ადგილი შეძენის თარიღი ღირებულება, შესყიდვის ნორმალური ფასი სრული შენახვის შიფრი შტრიხკოდი ბოლო ოპერაციის თარიღი ეგზემპლარის მიმდევრობითი ნომერი (კეტერი?) ფასის ძალაში შესვლის თარიღი ეგზემპლარის სახეობა საჯარო შენიშვნა
          ბათუმის შოთა რუსთაველის სახელმწიფო უნივერსიტეტის მთავარი ბიბლიოთეკა ბათუმის შოთა რუსთაველის სახელმწიფო უნივერსიტეტის მთავარი ბიბლიოთეკა წიგნსაცავი 2019-09-25 10.00 349.2(479.22) + 331.109(479.22) შ-87 60055 2019-09-25 60055 2019-09-25 წიგნი 10.00
          ბათუმის შოთა რუსთაველის სახელმწიფო უნივერსიტეტის მთავარი ბიბლიოთეკა ბათუმის შოთა რუსთაველის სახელმწიფო უნივერსიტეტის მთავარი ბიბლიოთეკა წიგნსაცავი 2019-09-25 10.00 349.2(479.22) + 331.109(479.22) შ-87 60056 2019-09-25 60056 2019-09-25 წიგნი 10.00
          ბათუმის შოთა რუსთაველის სახელმწიფო უნივერსიტეტის მთავარი ბიბლიოთეკა ბათუმის შოთა რუსთაველის სახელმწიფო უნივერსიტეტის მთავარი ბიბლიოთეკა წიგნსაცავი 2019-09-25 10.00 349.2(479.22) + 331.109(479.22) შ-87 60057 2019-09-25 60057 2019-09-25 წიგნი 10.00
          ბათუმის შოთა რუსთაველის სახელმწიფო უნივერსიტეტის მთავარი ბიბლიოთეკა ბათუმის შოთა რუსთაველის სახელმწიფო უნივერსიტეტის მთავარი ბიბლიოთეკა წიგნსაცავი 2019-09-25 10.00 349.2(479.22) + 331.109(479.22) შ-87 60058 2019-09-25 60058 2019-09-25 წიგნი 10.00
          ბათუმის შოთა რუსთაველის სახელმწიფო უნივერსიტეტის მთავარი ბიბლიოთეკა ბათუმის შოთა რუსთაველის სახელმწიფო უნივერსიტეტის მთავარი ბიბლიოთეკა წიგნსაცავი 2019-09-25 10.00 349.2(479.22) + 331.109(479.22) შ-87 60059 2019-09-25 60059 2019-09-25 წიგნი 10.00
          ბათუმის შოთა რუსთაველის სახელმწიფო უნივერსიტეტის მთავარი ბიბლიოთეკა ბათუმის შოთა რუსთაველის სახელმწიფო უნივერსიტეტის მთავარი ბიბლიოთეკა წიგნსაცავი 2019-09-25 10.00 349.2(479.22) + 331.109(479.22) შ-87 60060 2019-09-25 60060 2019-09-25 წიგნი 10.00
          ბათუმის შოთა რუსთაველის სახელმწიფო უნივერსიტეტის მთავარი ბიბლიოთეკა ბათუმის შოთა რუსთაველის სახელმწიფო უნივერსიტეტის მთავარი ბიბლიოთეკა წიგნსაცავი 2019-09-25 10.00 349.2(479.22) + 331.109(479.22) შ-87 60061 2019-09-25 60061 2019-09-25 წიგნი 10.00
          ბათუმის შოთა რუსთაველის სახელმწიფო უნივერსიტეტის მთავარი ბიბლიოთეკა ბათუმის შოთა რუსთაველის სახელმწიფო უნივერსიტეტის მთავარი ბიბლიოთეკა წიგნსაცავი 2019-09-25 10.00 349.2(479.22) + 331.109(479.22)შ-87 60062 2019-09-25 60062 2019-09-25 წიგნი 10.00